LEADER 01329nam a2200301 i 4500 001 000000160841 003 CaOOAMICUS 005 20090210000000.0 008 090210s2000 it u000 u ita u 013 $a138204 020 $a88-384-4901-5 040 $aSeMil$bita 100 1 $aMarmion, Columba .$0(OLS)http://semarc/name/90397 240 13$aLe Christ idéal du moin.$0(OLS)http://semarc/title/143701 245 10$aCristo ideale del monaco /$cColumba Marmion ; traduzione a cura di Maria Galli ; presentazione di Serena Tajé. 260 $aCasale Monferrato :$bPiemme,$c2000. 300 $aXI, 473 p. ;$c21 cm. 490 0 $aL'anima del mondo ;$v39 650 4$aMonachesimo - Spiritualità.$0(OLS)http://semarc/subject/2566 700 1 $aTajé, Serena.$0(OLS)http://semarc/name/42416 700 1 $aGalli, Maria <1869-1941>.$0(OLS)http://semarc/name/17773 830 2$aL'anima del mondo ;$v39.$0(OLS)http://semarc/title/2164 850 $aSeMil 852 $aSeMil$W1$xVenegono$y1$m2C V 559$j112290$B112290$CSeMilBibl$Z2$F123061 $81 961 $aOmaggio: Altro 996 $6020$a88-384-4901-5$9(OLS)http://semarc/number/76789 996 $6245$aCristo ideale del monaco$9(OLS)http://semarc/title/143700 996 $6260$aCasale Monferrato :$bPiemme$9(OLS)http://semarc/publisher/29798 LEADER 01518nam a2200301 i 4500 001 000000035407 003 CaOOAMICUS 005 20250505165118.0 008 090507s1987 it u000 u ita u 013 $a3655 040 $aSeMil$bita 100 1 $aIannuzzi, Vincenzo .$0(OLS)http://semarc/name/16489 245 12$aI papi e i mass media :$bdiscorsi di Pio 12., Giovanni 23., Paolo 6. e Giovanni Paolo 2. sulla comunicazione sociale /$cVincenzo Iannuzzi. 260 $aRoma :$bEnte dello Spettacolo,$cstampa 1987. 300 $a297 p. ;$c22 cm. 490 0 $aImmagini allo specchio ;$v6 600 04$aGiovanni Paolo II .$0(OLS)http://semarc/subject/5525 600 04$aPaolo VI .$0(OLS)http://semarc/subject/713 600 04$aGiovanni XXIII .$0(OLS)http://semarc/subject/3422 600 04$aPio XII .$0(OLS)http://semarc/subject/687 650 4$aChiesa e comunicazione di massa.$0(OLS)http://semarc/subject/40389 830 0$aImmagini allo specchio ;$v6.$0(OLS)http://semarc/title/20767 850 $aSeMil 852 $aSeMil$W1$xVenegono$y1$m2A I 266$j1562$B1562$CSeMilBibl$Z2$F1562 $81 961 $aOmaggio: Casa editrice 996 $6245$aI papi e i mass media :$bdiscorsi di Pio 12., Giovanni 23., Paolo 6. e Giovanni Paolo 2. sulla comunicazione sociale$9(OLS)http://semarc/title/48452 996 $6260$aRoma :$bEnte dello Spettacolo$9(OLS)http://semarc/publisher/34212 LEADER 00653nam a2200217 i 4500 001 000000103784 003 CaOOAMICUS 005 20191028154842.0 008 011015s1988 it u000 u ita u 013 $a75965 020 $a88-02-04227-6 040 $aSeMil$bita 245 10$aSchm-Tel. 300 $aXIII, 738 p. 773 0 $tBiografie.$gVolume7$w()3304 850 $aSeMil 852 $aSeMil$W1$xVenegono$y1$mSL1.B V 11$j60232$B60232$CSeMilBibl$Z2$F44690 $8I 961 $aAcquisto: UTET (Agente) 996 $6020$a88-02-04227-6$9(OLS)http://semarc/number/83678 996 $6245$aSchm-Tel$9(OLS)http://semarc/title/150611